=LDR 00000nam 2200000 4500 =001 INLIS000000000030198 =005 20130612132349 =008 ***********************************ind** =035 ##$$0010-061300000030198 =041 ##$$a ind =082 ##$$a 370.114 =090 ##$$a 370.114, NUG p =100 ##$$a Ahmadi,Abu =245 ##$$a Pendidikan Pancasila dan Kewarganegaraan 2, Abu Ahmadi =260 ##$$a 1995 $b Surabaya =300 ##$$a 58 hlm., ilus., 21 cm =650 ##$$a Pancasila =650 ##$$a Studi dan Pengajaran =850 ##$$a NBPNMAT